100 najlepších tipov ako ušetriť v samospráve

Rozdelenie a základné oblasti šetrenia v hospodárení samospráv. Komunálne financie a opatrenia či odporúčania ako sa v súčasnej situácii dajú v hospodárení samospráv ušetriť peniaze. Príklady a nápady z praxe.

Salvato in:
Dettagli Bibliografici
Autore principale: Marianyi, Peter
Natura: Capitolo di libro
Lingua:slovacco
Soggetti:
Tags: Aggiungi Tag
Nessun Tag, puoi essere il primo ad aggiungerne!!

MARC

LEADER 00000naa a2200000 4500
001 0126081
005 20231005103115.7
041 0 |a slo 
044 |a SK 
245 1 0 |a 100 najlepších tipov ako ušetriť v samospráve  |c Peter Marianyi 
520 |a Rozdelenie a základné oblasti šetrenia v hospodárení samospráv. Komunálne financie a opatrenia či odporúčania ako sa v súčasnej situácii dajú v hospodárení samospráv ušetriť peniaze. Príklady a nápady z praxe. 
610 2 0 |a financie komunálne 
610 2 0 |a ekonomika komunálna 
610 2 0 |a politika komunálna 
610 2 0 |a samospráva regionálna 
610 2 0 |a znižovanie nákladov 
100 1 |a Marianyi, Peter